000 00612nam a2200205 a 4500
999 _c3795
_d3795
001 3795
003 BD-JhCC
005 20171119101456.0
008 171116s1979 bg |||| |||| 000 0 ben d
035 _a(BD-JhCC)
040 _aBD-JhCC
_dBD-JhCC
041 _aben
082 _a891.4435
_bRAH 1979
100 _aরহমান, গোলাম
245 _aআজব দেশে এলিস /
_cগোলাম রহমান
260 _aঢাকা :
_bনওরোজ কিতাবিস্তান,
_c১৯৭৯
300 _a84 p.;
_c22 cm.
650 _aBengali short stories
942 _2ddc
_cBK